| 000 | 00574nam a2200181Ia 4500 | ||
|---|---|---|---|
| 003 | LK-CoDNM | ||
| 008 | 010623t1994 xxu||||| |||| 00| 1 sin d | ||
| 040 |
_aLK-CoDNM _dLK-CoDNM _eLK-CoDNM |
||
| 041 | _asin | ||
| 080 |
_a37 _bHAT |
||
| 100 | _aHathurusinghe, Layanal. P | ||
| 245 | _aවිශේෂ අවශ්යතා ඇති ළමයින් සඳහා අධ්යාපනය | ||
| 246 | _aVishesha Avashyatha Athi Lamain Sandaha Adyaapanaya | ||
| 260 |
_bDalsi Manel Gunasekara _c1994 |
||
| 300 | _b262, 22 cm | ||
| 650 | _aEducation | ||
| 942 | _cBK | ||
| 999 |
_c116745 _d116745 |
||